000 00617nam a22001817a 4500
008 130821s1871 gw gr eng
040 _aCo-BoUCM
_bspa
041 0 0 _aeng
100 _aEbers, George Mauricio
_d1837-1898
_9150513
245 0 0 _aAn egiptian princess
_cGeorg Ebers
260 _aLeipzig (Sajonia, Alemania)
_bBernard Tauchnitz
_c1871
300 _a2 v. en 1 t. 705 páginas
490 _aCollection of German Authors; No. 17
650 0 4 _aLiteratura oriental
_918717
650 0 4 _aNovela oriental
_920552
942 _cLIBRO
_a18
_e1
_mE13
_n0
_2DEWEY
_h891
999 _c87455
_d87455